01050nab a22002057a 4500999001500000003000400015005001700019008004100036040000700077100004000084245011800124300001500242500003800257505028300295505007200578650002800650650004500678773010800723942001300831 c6264d6264OSt20260128015654.0190514b xxu||||| |||| 00| 0 spa d cPJ 96972aCarrillo Herrera, Gonzalo M. 13aEl derecho a la identidad en la ley 27.611 :bun buen objetivo, un mal resultado /cGonzalo M. Carrillo Herrera.  ap. 158-169 aCita: TR LALEY AR/DOC/2501/2025.  aSumario: I. Introducción.— II. Derecho a la identidad en la ley nacional 27.611.— III. Las consecuencias de la aplicación de la inscripción tardía administrativa.— IV. El procedimiento de la inscripción tardía de nacimiento administrativa.— V. Conclusiones.  tSi te interesa el texto, comunicate a koha@justierradelfuego.gov.ar 09967aDERECHO DE FAMILIA 094305aDERECHO A LA IDENTIDAD DE GÉNERO0 0284493222dBuenos Aires : AbeledoPerrot, 1989-tDerecho de familia. N° 122 - Noviembre 2025z18511201 2udccANA